Statistics for Countries With The Most Cyberbullying

Click here to take the quiz!

General Stats

  • This quiz has been taken 44 times
  • The average score is 15 of 20

Answer Stats

#Country% Correct
14China
100%
3United States
100%
13United Kingdom
95%
20Italy
91%
8Canada
88%
12Mexico
88%
1India
86%
11Australia
81%
2Brazil
81%
19South Korea
81%
7Sweden
81%
16Germany
79%
9Turkey
79%
17Argentina
70%
5South Africa
70%
4Belgium
63%
18Peru
56%
10Saudi Arabia
44%
6Malaysia
40%
15Serbia
37%

Score Distribution

Percentile by Number Answered

Percent of People with Each Score

Your Score History

You have not taken this quiz